000 00660nam a2200217Ia 4500
003 GCL
008 140319s9999 xx 000 0 ara d
040 _aGCL /
_cGCL
082 0 4 _a320.956
_bم ا
100 1 _aمحمود محمد الناكوع
245 1 0 _aازمة النخبة فى الوطن العربى /
_cمحمود محمد الناكوع
260 _a[S.N] :
_bدائرة الاعلام
300 _a77 ص
490 _a
650 0 4 _aالاحوال السياسية
650 0 4 _aالشرق الاوسط
650 0 4 _aالوطن العربى
650 0 4 _aالديمقراطية
650 0 4 _aرجال الدولة
942 _2ddc
_cBK
999 _c28152
_d28152